| 000 | 00000nas##2200000za#4500 |
| 001 | 9.502506 |
| 003 | CaOODSP |
| 005 | 20250611103453 |
| 007 | cr ||||||||||| |
| 008 | 150406c2000||||xxc|| m o||||f| |0fre|d |
| 040 | |aCaOODSP|bfre |
| 043 | |an-cn--- |
| 086 | 1 |aA21-46F-PDF |
| 110 | 1 |aCanada. |bAgriculture et agroalimentaire Canada. |
| 245 | 10|aRecherche dans le cadre du partenariat rural canadien |h[ressource électronique] |
| 260 | |aOttawa - Ontario : |bAgriculture et Agroalimentaire Canada |
| 310 | |aIrrégulier |
| 691 | 07|aDéveloppement rural|2gcpds |
| 775 | 08|tCanadian rural partnership research |w(CaOODSP)9.506103 |
| 776 | 0#|tRecherche dans le cadre du partenariat rural canadien / |w(CaOODSP)9.512823 |